Statistics for Los Angeles Sights

Click here to take the quiz!

General Stats

  • This quiz has been taken 35 times
  • The average score is 5 of 12

Answer Stats

Answer % Correct
Hollywood Sign
100%
Dodger Stadium
63%
Griffith Observatory
63%
LAX: Theme Building
50%
Hollywood Bowl
50%
Capitol Records Building
44%
Getty Center
34%
City Hall
31%
Walt Disney Concert Hall
28%
Grauman's Chinese Theatre
19%
Angels Flight
13%
Korean Bell of Friendship
3%

Score Distribution

Percentile by Number Answered

Percent of People with Each Score

Your Score History

You have not taken this quiz